[Event "PRO League Group Stage"]
[Site "chess.com INT"]
[Date "2019.03.12"]
[Round "10"]
[White "Khamrakulov, Djurabek"]
[Black "Sturt, Raven"]
[Result "1-0"]
[WhiteTitle "GM"]
[BlackTitle "IM"]
[WhiteElo "2503"]
[BlackElo "2429"]
[WhiteTeam "New York Marshalls"]
[BlackTeam "Montclair Sopranos"]
[WhiteFideId "14201143"]
[BlackFideId "2007304"]
[EventDate "2019.01.08"]

1. e4 e5 2. Nf3 Nc6 3. d4 exd4 4. Nxd4 Nf6 5. Nxc6 bxc6 6. e5 Qe7 7. Qe2 Nd5 8.
h4 f6 9. c4 Ba6 10. Rh3 fxe5 11. Bg5 Nf6 12. Re3 Qb4+ 13. Nd2 d6 14. O-O-O Be7
15. Qf3 O-O 16. Rb3 Qa5 17. Qxc6 Rfb8 18. Ra3 Qb6 19. Qxb6 axb6 20. Rb3 Bb7 21.
a3 h6 22. Bxf6 Bxf6 23. g3 Rf8 24. Bd3 Bd8 25. Be4 c6 26. Nf3 Bc7 27. Rd2 Rf6
28. Nh2 Ra4 29. Rb4 Rxb4 30. axb4 Rf8 31. b5 d5 32. bxc6 Bxc6 33. Bxd5+ Bxd5 34.
cxd5 Kf7 35. Ng4 Ke7 36. Ne3 b5 37. g4 g6 38. h5 gxh5 39. d6+ Bxd6 40. Nf5+ Kf6
41. Nxd6 hxg4 42. Nxb5 h5 43. Kd1 Ra8 44. Ke2 Kf5 45. Nd6+ Kf4 46. Rc2 Ra2 47.
Rc4+ Kg5 48. Ne4+ Kg6 49. Rb4 h4 50. Nc3 Ra1 51. Rxg4+ Kh5 52. Rg8 h3 53. Kf3
Rh1 54. Ne4 h2 55. Ng3+ 1-0

[Event "PRO League Group Stage"]
[Site "chess.com INT"]
[Date "2019.03.12"]
[Round "10"]
[White "Postny, Evgeny"]
[Black "Movsesian, Sergei"]
[Result "1-0"]
[WhiteTitle "GM"]
[BlackTitle "GM"]
[WhiteElo "2623"]
[BlackElo "2629"]
[WhiteTeam "Pittsburgh Pawngrabbers"]
[BlackTeam "London Lions"]
[WhiteFideId "2804344"]
[BlackFideId "310204"]
[EventDate "2019.01.08"]

1. d4 Nf6 2. c4 g6 3. Nc3 Bg7 4. e4 d6 5. Nf3 O-O 6. h3 e5 7. d5 a5 8. g4 Na6 9.
Be3 Nc5 10. Nd2 Nfd7 11. h4 c6 12. Qc2 a4 13. a3 Nf6 14. f3 Bxg4 15. fxg4 Nxg4
16. Bxc5 dxc5 17. Qd3 Bh6 18. Nd1 b5 19. Be2 Nf6 20. cxb5 cxb5 21. Nf3 c4 22.
Qc2 Ng4 23. Rg1 Nh2 24. Ng5 f5 25. Rg2 fxe4 26. Qxe4 Qb6 27. Qe3 Qa5+ 28. Nc3 b4
29. axb4 Qxb4 30. Rxh2 Rf4 31. Qxe5 Raf8 32. Qc7 Bg7 33. Rc1 Qxb2 34. Na2 Qxa2
35. Ne6 R4f7 36. Qxc4 Qa3 37. Nxf8 Bxf8 38. Rg2 Bb4+ 39. Kd1 Qb2 40. Rc2 Qb1+
41. Rc1 Qb2 42. Qc2 Qd4+ 43. Qd3 Qxh4 44. Rc8+ Kg7 45. Kc2 a3 46. Rc4 Qe1 47.
Qd4+ Kg8 48. Rxb4 Rc7+ 49. Kd3 a2 50. Rb8+ Kf7 51. Qf4+ 1-0

[Event "PRO League Group Stage"]
[Site "chess.com INT"]
[Date "2019.03.12"]
[Round "10"]
[White "Ghasi, Ameet K"]
[Black "Erenburg, Sergey"]
[Result "0-1"]
[WhiteTitle "IM"]
[BlackTitle "GM"]
[WhiteElo "2505"]
[BlackElo "2589"]
[WhiteTeam "London Lions"]
[BlackTeam "Pittsburgh Pawngrabbers"]
[WhiteFideId "409200"]
[BlackFideId "2805642"]
[EventDate "2019.01.08"]

1. Nf3 d5 2. g3 c6 3. Bg2 Bg4 4. O-O Nf6 5. b3 e6 6. Bb2 Be7 7. h3 Bh5 8. c4 O-O
9. d3 a5 10. a3 Nbd7 11. Nc3 Qb6 12. Rb1 Rfc8 13. g4 Bg6 14. Nh4 Qd8 15. Nxg6
hxg6 16. e3 g5 17. d4 Nf8 18. f4 gxf4 19. g5 Ne8 20. exf4 Nd6 21. Qd3 Ng6 22. c5
Nf5 23. Na4 Qc7 24. Qd2 Rf8 25. Rbe1 Rae8 26. Bc3 Bd8 27. Nb6 f6 28. Bxa5 Qf7
29. b4 Ngh4 30. Rf2 fxg5 31. fxg5 Qg6 32. Nd7 Bxg5 33. Qd3 Bf4 34. Nxf8 Rxf8 35.
Ree2 Qg5 36. Rxf4 Qxf4 37. Rf2 Qc1+ 38. Rf1 Qg5 39. Rf2 Ne3 40. Rxf8+ Kxf8 41.
Qe2 Nhxg2 42. Kh2 Nf4 43. Qf3 Nf5 44. Bc7 Ng6 45. Bd6+ Kg8 46. b5 cxb5 47. Bc7
Nxd4 48. Qf2 Nh4 49. Bf4 Ndf3+ 50. Kh1 Qxf4 0-1

[Event "PRO League Group Stage"]
[Site "chess.com INT"]
[Date "2019.03.12"]
[Round "10"]
[White "Le, Tuan Minh"]
[Black "Haria, Ravi"]
[Result "1-0"]
[WhiteTitle "IM"]
[BlackTitle "IM"]
[WhiteElo "2515"]
[BlackElo "2450"]
[WhiteTeam "Pittsburgh Pawngrabbers"]
[BlackTeam "London Lions"]
[WhiteFideId "12401153"]
[BlackFideId "415820"]
[EventDate "2019.01.08"]

1. d4 e6 2. Nf3 Nf6 3. Bf4 c5 4. c3 b6 5. e3 Bb7 6. h3 Be7 7. Nbd2 cxd4 8. exd4
O-O 9. Bd3 d6 10. O-O Nbd7 11. Bh2 a6 12. Re1 Re8 13. a4 Qc8 14. Qe2 h6 15. Qf1
Bc6 16. Qe2 Qb7 17. Nc4 Bxf3 18. Qxf3 Qxf3 19. gxf3 d5 20. Nd6 Red8 21. Re2 Bf8
22. Nb7 Rdc8 23. a5 b5 24. Nd6 Rc6 25. Nxb5 axb5 26. Bxb5 Rb6 27. Bd3 Bd6 28.
Bxd6 Rxd6 29. b4 Ne8 30. b5 Nc7 31. Raa2 Kf8 32. f4 g6 33. Kg2 Ke7 34. Reb2 Ne8
35. b6 Nxb6 36. axb6 Rxa2 37. Rxa2 Rxb6 38. Ra3 Nd6 39. Kf3 Kf6 40. Ke3 Rc6 41.
Rb3 Nc4+ 42. Ke2 h5 43. Rb8 Nd6 44. Rb3 h4 45. Kf3 g5 46. Kg4 gxf4 47. Kxh4 e5
48. dxe5+ Kxe5 49. Kg4 Ne4 50. Bxe4 Kxe4 51. Rb4+ Ke5 52. Rxf4 Rg6+ 53. Kf3 f5
54. Rd4 Rc6 55. Rd3 Rh6 56. Re3+ Kf6 57. Ke2 f4 58. Rd3 Ke5 59. Kf1 Ke4 60. Ke2
Ra6 61. Rd4+ Ke5 62. Kf3 Ra3 63. Rd3 Ra6 64. h4 Rh6 65. Kg4 Rg6+ 66. Kh5 Rg2 67.
f3 Rg3 68. Kh6 Rg1 69. h5 Re1 70. Kg6 Re3 71. h6 Rxd3 72. h7 Rxf3 73. h8=Q+ Kd6
74. Qf6+ Kc5 75. Qd4+ Kd6 76. Kf5 Re3 77. Qxf4+ 1-0

[Event "PRO League Group Stage"]
[Site "chess.com INT"]
[Date "2019.03.12"]
[Round "10"]
[White "Postny, Evgeny"]
[Black "Saric, Ivan"]
[Result "0-1"]
[WhiteTitle "GM"]
[BlackTitle "GM"]
[WhiteElo "2623"]
[BlackElo "2690"]
[WhiteTeam "Pittsburgh Pawngrabbers"]
[BlackTeam "Montreal Chessbrahs"]
[WhiteFideId "2804344"]
[BlackFideId "14508150"]
[EventDate "2019.01.08"]

1. d4 g6 2. c4 Bg7 3. e4 d6 4. Nc3 Nf6 5. Nf3 O-O 6. h3 e5 7. d5 a5 8. g4 Na6 9.
Be3 Nd7 10. Nd2 Ndc5 11. h4 Bd7 12. a3 a4 13. Be2 c6 14. dxc6 Bxc6 15. Nd5 Ne6
16. g5 Nac5 17. Qc2 Nd4 18. Bxd4 exd4 19. O-O-O Bxd5 20. exd5 d3 21. Bxd3 Nxd3+
22. Qxd3 Qb6 23. Qc2 Rfe8 24. f3 Rac8 25. Rhe1 Rxe1 26. Rxe1 Qf2 27. Kd1 b5 28.
Qd3 bxc4 29. Nxc4 Bxb2 30. Re2 Qf1+ 0-1

[Event "PRO League Group Stage"]
[Site "chess.com INT"]
[Date "2019.03.12"]
[Round "10"]
[White "Hansen, Eric"]
[Black "Erenburg, Sergey"]
[Result "1/2-1/2"]
[WhiteTitle "GM"]
[BlackTitle "GM"]
[WhiteElo "2615"]
[BlackElo "2589"]
[WhiteTeam "Montreal Chessbrahs"]
[BlackTeam "Pittsburgh Pawngrabbers"]
[WhiteFideId "2606771"]
[BlackFideId "2805642"]
[EventDate "2019.01.08"]

1. e4 c6 2. d4 d5 3. e5 Bf5 4. Nf3 e6 5. Be2 Ne7 6. c3 Bg6 7. O-O Nf5 8. Nbd2
Be7 9. g4 Nh6 10. h3 Ng8 11. Ne1 h5 12. gxh5 Bf5 13. Bg4 Nh6 14. Ng2 Nd7 15. Nb3
Qb6 16. Bxh6 Rxh6 17. Bxf5 exf5 18. Qf3 O-O-O 19. Ne3 g6 20. hxg6 fxg6 21. Kg2
Rdh8 22. Rh1 Nf8 23. h4 Ne6 24. h5 Rxh5 25. Rxh5 Rxh5 26. Rh1 Rxh1 27. Kxh1 Qd8
28. Qh3 Bg5 29. Qh7 Bf4 30. Ng2 Qg5 31. Qh4 b6 32. Kg1 a5 33. a4 Qxh4 34. Nxh4
Nf8 35. Kf1 Bg5 36. Nf3 Be7 37. Nc1 Ne6 38. Ne2 b5 39. b3 Kd7 40. Ke1 Ke8 41.
Nd2 Bg5 42. Nf3 Bh6 43. Nh4 Kf7 44. Kd1 bxa4 45. bxa4 c5 46. Kc2 c4 47. Ng2 Ke8
48. Nh4 Bg5 49. Ng2 Kd7 50. Kb2 Kc6 51. Ka2 Kd7 52. Kb2 Kc6 53. Ka2 Kd7 54. Kb2
Kc6 55. Ka2 1/2-1/2

[Event "PRO League Group Stage"]
[Site "chess.com INT"]
[Date "2019.03.12"]
[Round "10"]
[White "Le, Tuan Minh"]
[Black "Kleinman, Michael"]
[Result "1-0"]
[WhiteTitle "IM"]
[BlackTitle "IM"]
[WhiteElo "2515"]
[BlackElo "2411"]
[WhiteTeam "Pittsburgh Pawngrabbers"]
[BlackTeam "Montreal Chessbrahs"]
[WhiteFideId "12401153"]
[BlackFideId "2609479"]
[EventDate "2019.01.08"]

1. d4 Nf6 2. Nf3 e6 3. Bf4 b6 4. Nbd2 Bb7 5. e3 g6 6. h3 Bg7 7. Be2 O-O 8. O-O
d6 9. Bh2 Nbd7 10. a4 a6 11. c3 Qe7 12. Qc2 e5 13. dxe5 dxe5 14. Nc4 Ne4 15.
Rfd1 Rad8 16. Bf1 h6 17. Qb3 Kh7 18. Qa3 Qxa3 19. Nxa3 f6 20. Bd3 Ndc5 21. Bc2
Bd5 22. c4 Bb7 23. Kf1 Rfe8 24. Ke2 Bf8 25. Nh4 Rxd1 26. Rxd1 f5 27. g4 Be7 28.
Nf3 Bd6 29. gxf5 gxf5 30. Nh4 Rf8 31. f3 Ng5 32. Rf1 Bc8 33. f4 exf4 34. Bxf4
Bxf4 35. Rxf4 Nxh3 36. Rf1 Ng5 37. Nb1 Be6 38. Nd2 Re8 39. Nxf5 Bxf5 40. Rxf5
Kg7 41. a5 Re7 42. axb6 cxb6 43. b4 Nce4 44. Nxe4 Nxe4 45. Rf4 Ng5 46. Bd3 Re6
47. Rd4 Kf6 48. Rd8 Ke7 49. Ra8 a5 50. Ra7+ Kf6 51. bxa5 bxa5 52. Rxa5 Rc6 53.
Rf5+ Ke6 54. Rf4 Ra6 55. Kd2 Ra3 56. c5 Ra5 57. Rf5 Ra2+ 58. Kc1 Ra3 59. Bc2 Rc3
60. Rf4 Rxc5 61. Rh4 Ke5 62. Rxh6 Ne6 63. Kd2 Rd5+ 64. Ke2 Rc5 65. Bb3 Ng5 66.
Kd3 Rb5 67. Bc4 Ra5 68. Rh8 Ra3+ 69. Ke2 Ne4 70. Re8+ Kf5 71. Bd3 Ra2+ 72. Kf1
Ra4 73. Kg2 Kg5 74. Rxe4 Ra2+ 75. Kf3 1-0

[Event "PRO League Group Stage"]
[Site "chess.com INT"]
[Date "2019.03.12"]
[Round "10"]
[White "Eljanov, Pavel"]
[Black "Moranda, Wojciech"]
[Result "1-0"]
[WhiteTitle "GM"]
[BlackTitle "GM"]
[WhiteElo "2680"]
[BlackElo "2593"]
[WhiteTeam "Miami Champions"]
[BlackTeam "New York Marshalls"]
[WhiteFideId "14102951"]
[BlackFideId "1122401"]
[EventDate "2019.01.08"]

1. d4 Nf6 2. c4 g6 3. Nc3 Bg7 4. e4 d6 5. Be2 O-O 6. Be3 c5 7. d5 e6 8. Nf3 exd5
9. cxd5 Bg4 10. Nd2 Bxe2 11. Qxe2 Re8 12. f3 Nfd7 13. h4 Na6 14. h5 Qe7 15. hxg6
fxg6 16. Nc4 Ne5 17. Kf2 Rf8 18. Nxe5 Bxe5 19. Qd2 c4 20. Nb5 Nc5 21. Bxc5 dxc5
22. d6 Qf7 23. Rad1 a6 24. Qd5 Bxb2 25. Nc7 Rad8 26. Ne6 c3 27. Rxh7 Qxh7 28.
Ng5+ 1-0

[Event "PRO League Group Stage"]
[Site "chess.com INT"]
[Date "2019.03.12"]
[Round "10"]
[White "Azarov, Sergei"]
[Black "Iturrizaga Bonelli, Eduardo"]
[Result "0-1"]
[WhiteTitle "GM"]
[BlackTitle "GM"]
[WhiteElo "2575"]
[BlackElo "2637"]
[WhiteTeam "New York Marshalls"]
[BlackTeam "Miami Champions"]
[WhiteFideId "13501470"]
[BlackFideId "3901211"]
[EventDate "2019.01.08"]

1. e4 c5 2. Nf3 e6 3. d4 cxd4 4. Nxd4 Nc6 5. Nc3 Qc7 6. Be2 Nf6 7. O-O Be7 8.
Be3 d6 9. f4 O-O 10. Kh1 Bd7 11. Ndb5 Qb8 12. a4 a6 13. Nd4 Qc7 14. Qe1 Nxd4 15.
Bxd4 Bc6 16. Qg3 Ne8 17. Bd3 Bf6 18. e5 dxe5 19. fxe5 Rd8 20. Bb6 Qxb6 21. exf6
g6 22. Be4 Nd6 23. Qh4 Bxe4 24. Nxe4 Nxe4 25. Qxe4 Qxb2 26. Rab1 Qd4 27. Qxb7
Qxa4 28. Qf3 Qxc2 29. h3 h5 30. Rbe1 Rd5 31. Rc1 Qd3 32. Qf2 Rf5 33. Qg1 Rxf1
34. Rxf1 a5 35. Qf2 Rb8 36. Kh2 Rb1 37. Rxb1 Qxb1 38. Qa7 Qf5 39. Qe7 Qe5+ 40.
Kh1 Qb8 41. Qc5 a4 42. Qa5 Qe8 43. Qa7 e5 44. h4 e4 45. Qe7 Qa8 46. Qa3 Qc6 47.
Qe7 Qe6 48. Kg1 e3 49. Kf1 a3 0-1

[Event "PRO League Group Stage"]
[Site "chess.com INT"]
[Date "2019.03.12"]
[Round "10"]
[White "Wang, Tianqi"]
[Black "Khamrakulov, Djurabek"]
[Result "0-1"]
[BlackTitle "GM"]
[WhiteElo "2329"]
[BlackElo "2503"]
[WhiteTeam "Miami Champions"]
[BlackTeam "New York Marshalls"]
[WhiteFideId "2063824"]
[BlackFideId "14201143"]
[EventDate "2019.01.08"]

1. Nf3 Nf6 2. c4 e6 3. b3 d5 4. e3 Be7 5. Bb2 O-O 6. Be2 b6 7. O-O Bb7 8. d3 c5
9. Nbd2 Nc6 10. a3 Qc7 11. Qc2 Rac8 12. Rfd1 Rfd8 13. cxd5 Rxd5 14. Rac1 Rcd8
15. Qb1 Qb8 16. Bc3 Ba6 17. Nc4 b5 18. Na5 Nxa5 19. Bxa5 Rc8 20. b4 Bb7 21. bxc5
Bxc5 22. Bb4 Bb6 23. Rxc8+ Bxc8 24. Rc1 Bb7 25. d4 Bc7 26. h3 a6 27. Bc5 Rd7 28.
Qb4 Ne4 29. a4 bxa4 30. Rb1 Qc8 31. Qxa4 Nc3 32. Qc2 Nxb1 33. Ng5 g6 34. Qxb1
Bd6 35. Bxd6 Rxd6 36. Bf3 Bxf3 37. gxf3 Rc6 38. Qe4 h6 0-1

[Event "PRO League Group Stage"]
[Site "chess.com INT"]
[Date "2019.03.12"]
[Round "10"]
[White "Guseinov, Gadir"]
[Black "Robson, Ray"]
[Result "1-0"]
[WhiteTitle "GM"]
[BlackTitle "GM"]
[WhiteElo "2664"]
[BlackElo "2667"]
[WhiteTeam "Montclair Sopranos"]
[BlackTeam "Webster Windmills"]
[WhiteFideId "13401378"]
[BlackFideId "2023970"]
[EventDate "2019.01.08"]

1. e4 e5 2. Nf3 Nc6 3. Bb5 a6 4. Bxc6 dxc6 5. O-O Bg4 6. h3 h5 7. d3 Qf6 8. Nbd2
Ne7 9. Nc4 Bxf3 10. Qxf3 Qxf3 11. gxf3 Ng6 12. Rd1 O-O-O 13. a4 c5 14. Kf1 Bd6
15. Ke2 Nf8 16. f4 exf4 17. Nxd6+ cxd6 18. Bxf4 Ne6 19. Be3 d5 20. f4 g6 21. f5
gxf5 22. exf5 Nd4+ 23. Bxd4 cxd4 24. Kf3 Kd7 25. Re1 Rhe8 26. Kf4 f6 27. a5 Rc8
28. Rxe8 Kxe8 29. Re1+ Kf7 30. Re6 Rxc2 31. Rb6 Rc7 32. Kg3 Kg7 33. Kh4 Re7 34.
Kxh5 Rd7 35. h4 Kf7 36. Kh6 Re7 37. h5 Rd7 38. Kh7 Re7 39. h6 Rd7 40. b4 Re7 41.
Rd6 Rc7 42. Rxd5 Re7 43. Rxd4 Rc7 44. Rg4 Rc3 45. Rg7+ Kf8 46. Rxb7 Rxd3 47. b5
axb5 48. a6 Ra3 49. a7 b4 50. Rb8+ 1-0

[Event "PRO League Group Stage"]
[Site "chess.com INT"]
[Date "2019.03.12"]
[Round "10"]
[White "Durarbayli, Vasif"]
[Black "Checa, Nicolas"]
[Result "0-1"]
[WhiteTitle "GM"]
[BlackTitle "IM"]
[WhiteElo "2620"]
[BlackElo "2508"]
[WhiteTeam "Webster Windmills"]
[BlackTeam "Montclair Sopranos"]
[WhiteFideId "13402935"]
[BlackFideId "2069342"]
[EventDate "2019.01.08"]

1. e4 e6 2. d4 d5 3. Nc3 Bb4 4. e5 Ne7 5. a3 Bxc3+ 6. bxc3 c5 7. a4 Nbc6 8. Nf3
Qa5 9. Bd2 Bd7 10. Bb5 Qc7 11. O-O h6 12. Re1 Na5 13. Bf1 Nc4 14. Bc1 Qa5 15.
Nd2 Qxc3 16. Nxc4 dxc4 17. Be3 Bc6 18. dxc5 Nf5 19. Bd2 Qd4 20. Bb4 a5 21. Ba3
Bxa4 22. c6 Bxc6 23. Qe2 b5 24. Rad1 Qa7 25. c3 Ne7 26. Ra1 O-O 27. Bb4 Qc7 28.
Bd6 Qb7 29. Reb1 Rfd8 30. Qg4 Nf5 31. Bc5 Qc7 32. f4 Rd2 33. Bf2 Rad8 34. Rd1 b4
35. cxb4 axb4 36. Rxd2 Rxd2 37. Be1 Qb6+ 38. Kh1 Ne3 39. Qh4 Nxg2 40. Bxd2 Nxh4+ 0-1

[Event "PRO League Group Stage"]
[Site "chess.com INT"]
[Date "2019.03.12"]
[Round "10"]
[White "Sturt, Raven"]
[Black "Nyzhnyk, Illya"]
[Result "0-1"]
[WhiteTitle "IM"]
[BlackTitle "GM"]
[WhiteElo "2429"]
[BlackElo "2624"]
[WhiteTeam "Montclair Sopranos"]
[BlackTeam "Webster Windmills"]
[WhiteFideId "2007304"]
[BlackFideId "14118084"]
[EventDate "2019.01.08"]

1. d4 Nf6 2. Nf3 g6 3. c4 Bg7 4. g3 O-O 5. Bg2 d6 6. Nc3 c6 7. O-O Bf5 8. Qb3
Qb6 9. Re1 d5 10. Qxb6 axb6 11. cxd5 cxd5 12. Bf4 Nc6 13. Rec1 Rfc8 14. Kf1 h6
15. Be5 e6 16. Bd6 Ne8 17. Nb5 Nxd4 18. Nfxd4 Bxd4 19. Nxd4 Nxd6 20. Rxc8+ Rxc8
21. b3 Kf8 22. Ke1 Ke7 23. Kd2 g5 24. a4 Be4 25. f3 Bg6 26. f4 f6 27. Bh3 Ne4+
28. Ke1 gxf4 29. gxf4 Bf7 30. Rd1 Nd6 31. Kf2 Rc3 32. Rd3 Rc1 33. Bg2 e5 34. Re3
e4 35. Rh3 h5 36. Rg3 Rd1 37. e3 Rd2+ 38. Kg1 f5 39. Bh3 Kf6 40. Rg5 Bg6 41. Rg2
Rd1+ 42. Kf2 h4 43. Ke2 Bh5+ 44. Kf2 Rh1 45. Nc2 Bf3 46. Nd4 Bxg2 47. Bxg2 Rb1
48. h3 Rb2+ 49. Kg1 Ne8 50. Bf1 Nc7 51. Bb5 Ne6 0-1

[Event "PRO League Group Stage"]
[Site "chess.com INT"]
[Date "2019.03.12"]
[Round "10"]
[White "Grabinsky, Joshua"]
[Black "Bartell, Thomas"]
[Result "0-1"]
[WhiteTitle "CM"]
[BlackTitle "IM"]
[WhiteElo "2078"]
[BlackElo "2353"]
[WhiteTeam "Webster Windmills"]
[BlackTeam "Montclair Sopranos"]
[WhiteFideId "30919754"]
[BlackFideId "2017849"]
[EventDate "2019.01.08"]

1. d4 Nf6 2. Bf4 g6 3. Nd2 Bg7 4. Ngf3 O-O 5. h3 d6 6. e4 c5 7. dxc5 dxc5 8. c3
Nc6 9. Qc2 a6 10. a4 b6 11. Bc4 Bb7 12. O-O Nh5 13. Bh2 e6 14. Rad1 Qe7 15. g4
Nf6 16. e5 Nd7 17. Rfe1 Rfd8 18. Bf4 Na5 19. Bg5 Qe8 20. Bxd8 Rxd8 21. Bd3 Bh6
22. Ne4 c4 23. Bf1 Qe7 24. Rxd7 Rxd7 25. Nf6+ Kh8 26. Nxd7 Bxf3 27. Nxb6 Qc7 28.
Nxc4 Nxc4 29. Qd3 Bd5 30. Qd4 Nd2 31. Bg2 Bxg2 32. Kxg2 Qb7+ 33. Kg3 Qf3+ 34.
Kh2 Bf4+ 35. Kg1 Kg7 36. Qd8 Bh2+ 37. Kxh2 Qxf2+ 38. Kh1 Qxe1+ 39. Kg2 Qf1+ 40.
Kh2 Qf2+ 41. Kh1 Ne4 42. Qd4 Ng3# 0-1

[Event "PRO League Group Stage"]
[Site "chess.com INT"]
[Date "2019.03.12"]
[Round "10"]
[White "Movsesian, Sergei"]
[Black "Caruana, Fabiano"]
[Result "0-1"]
[WhiteTitle "GM"]
[BlackTitle "GM"]
[WhiteElo "2629"]
[BlackElo "2828"]
[WhiteTeam "London Lions"]
[BlackTeam "Saint Louis Arch Bishops"]
[WhiteFideId "310204"]
[BlackFideId "2020009"]
[EventDate "2019.01.08"]

1. e4 c5 2. Nf3 Nc6 3. Nc3 d6 4. d4 cxd4 5. Nxd4 Nf6 6. g3 Nxd4 7. Qxd4 g6 8.
Bg5 Bg7 9. Qd2 O-O 10. Bg2 Be6 11. O-O Rc8 12. Rfe1 Qa5 13. Rad1 Rfe8 14. Bxf6
Bxf6 15. Nd5 Qxa2 16. Nxf6+ exf6 17. c3 a6 18. Re2 Bc4 19. Ree1 Kg7 20. Ra1 Qb3
21. Ra3 Qb6 22. b3 Qc5 23. Rea1 Bb5 24. c4 Bc6 25. Ra5 Qb6 26. Qd3 Re6 27. Bh3
Bxe4 28. Qc3 d5 29. Bxe6 d4 30. Qd2 fxe6 31. Re1 Bf5 32. c5 Qd8 33. b4 e5 34.
Raa1 Qd5 35. Rad1 Qf3 0-1

[Event "PRO League Group Stage"]
[Site "chess.com INT"]
[Date "2019.03.12"]
[Round "10"]
[White "So, Wesley"]
[Black "Ghasi, Ameet K"]
[Result "1-0"]
[WhiteTitle "GM"]
[BlackTitle "IM"]
[WhiteElo "2765"]
[BlackElo "2505"]
[WhiteTeam "Saint Louis Arch Bishops"]
[BlackTeam "London Lions"]
[WhiteFideId "5202213"]
[BlackFideId "409200"]
[EventDate "2019.01.08"]

1. e4 d6 2. d4 Nf6 3. Nc3 g6 4. Be3 c6 5. Qd2 b5 6. Bd3 Nbd7 7. Nf3 Qc7 8. O-O
Bg7 9. Bh6 O-O 10. Ne2 c5 11. c3 Bb7 12. Ng3 a6 13. h3 e5 14. d5 c4 15. Bc2 Nc5
16. Bxg7 Kxg7 17. Nf5+ Kg8 18. Nh6+ Kh8 19. Ng5 Ng8 20. Nxg8 Kxg8 21. f4 f6 22.
Nf3 Rae8 23. fxe5 fxe5 24. b4 cxb3 25. axb3 Bc8 26. b4 Nd7 27. Bd3 Nb6 28. Kh2
Kg7 29. Qe3 h6 30. Nd2 Qxc3 31. Rac1 Qd4 32. Rc7+ Bd7 33. Qxd4 exd4 34. Rxf8
Rxf8 35. Rb7 Rf2 36. Nf3 Na4 37. Rxd7+ Kf8 38. e5 dxe5 39. Nxe5 Nb2 40. Bxg6 Nc4
41. Ng4 Re2 42. d6 Ne3 43. Rf7+ Kg8 44. Nf6+ Kh8 45. Rh7# 1-0

[Event "PRO League Group Stage"]
[Site "chess.com INT"]
[Date "2019.03.12"]
[Round "10"]
[White "Haria, Ravi"]
[Black "Ali Marandi, Cemil Can"]
[Result "0-1"]
[WhiteTitle "IM"]
[BlackTitle "GM"]
[WhiteElo "2450"]
[BlackElo "2530"]
[WhiteTeam "London Lions"]
[BlackTeam "Saint Louis Arch Bishops"]
[WhiteFideId "415820"]
[BlackFideId "6300529"]
[EventDate "2019.01.08"]

1. e4 e5 2. Nf3 Nc6 3. Bc4 Bc5 4. c3 Nf6 5. d3 a6 6. a4 d6 7. O-O h6 8. Na3 O-O
9. Nc2 Be6 10. Bxe6 fxe6 11. Be3 Bxe3 12. Nxe3 d5 13. Re1 Qd7 14. Nf1 Rae8 15.
b4 b5 16. axb5 axb5 17. Qb3 Nh5 18. d4 Nf4 19. Nxe5 Nxe5 20. dxe5 dxe4 21. Ng3
Nd3 22. Re2 e3 23. Rd1 Rxf2 24. Rxe3 Qc6 25. Ne4 Rb2 26. Qa3 Ra8 0-1

[Event "PRO League Group Stage"]
[Site "chess.com INT"]
[Date "2019.03.12"]
[Round "10"]
[White "Bloomer, Josh"]
[Black "Horton, Andrew P"]
[Result "1/2-1/2"]
[BlackTitle "IM"]
[WhiteElo "1950"]
[BlackElo "2388"]
[WhiteTeam "Saint Louis Arch Bishops"]
[BlackTeam "London Lions"]
[WhiteFideId "2020416"]
[BlackFideId "424269"]
[EventDate "2019.01.08"]

1. e4 e5 2. Nf3 Nc6 3. Bc4 Bc5 4. O-O Nf6 5. d3 d6 6. a4 a6 7. c3 Ba7 8. Nbd2
O-O 9. h3 Ne7 10. Re1 Ng6 11. Nf1 h6 12. Ng3 Nh7 13. Be3 Ng5 14. Nxg5 hxg5 15.
Qh5 Nf4 16. Bxf4 gxf4 17. Nf5 Qf6 18. Nh4 Be6 19. Bxe6 Qxe6 20. Nf5 Qf6 21. Rad1
Rfe8 22. d4 g6 23. Qg4 Kh7 24. Qh4+ Qxh4 25. Nxh4 Kg7 26. Nf3 exd4 27. Nxd4 Re7
28. f3 Rae8 29. Kf1 Re5 30. Nb3 b5 31. a5 Rb8 32. Rd5 Kf6 33. Red1 Rxd5 34. Rxd5
b4 35. c4 Ke6 36. Nd4+ Bxd4 37. Rxd4 b3 38. Ke2 Rb4 39. Kd3 Ra4 40. Kc3 Rxa5 41.
Kxb3 Ra1 42. Rd2 c5 43. Kc3 a5 44. Kb3 a4+ 45. Kc3 Rc1+ 46. Kd3 Ke5 47. Re2 Rg1
48. Rd2 Re1 49. Kc2 Re3 50. Rd5+ Ke6 51. Rd2 Rb3 52. Rd5 Rb8 53. Rd2 f6 54. Kc3
Rb3+ 55. Kc2 Re3 56. Kc1 Ke5 57. Rd5+ Ke6 58. Rd2 a3 59. bxa3 Rxa3 60. Kb2 Re3
61. Kc2 Ra3 62. Kb2 Re3 63. Kc2 Re1 64. Kb2 Rh1 65. Kc2 Ra1 66. Kb2 Ra7 67. Kc2
Rf7 68. Rd5 Rf8 69. Kc3 Ra8 70. Rd2 Rh8 71. Kc2 Rh5 72. Kc3 f5 73. exf5+ Rxf5
74. Re2+ Kd7 75. Kd3 Rf7 76. Ra2 Ke6 77. Ke4 Rf5 78. Ra6 Rf8 79. Ra7 g5 80. Rg7
Kf6 81. Rd7 Ke6 82. Rg7 Kf6 83. Rd7 Re8+ 84. Kd5 Re2 85. Rxd6+ Ke7 86. Kxc5 Rxg2
87. Rd5 Kf6 88. Rd6+ Kf5 89. Rd5+ Kf6 90. Rd6+ Kf5 91. Rd5+ Kg6 92. Kd6 Rg3 93.
c5 Rxf3 94. c6 Ra3 95. c7 Ra8 96. Kd7 Kh5 97. c8=Q Rxc8 98. Kxc8 Kh4 99. Rf5
Kxh3 100. Rxg5 f3 101. Rf5 Kg2 102. Kd7 f2 103. Kd6 f1=Q 104. Rxf1 Kxf1 1/2-1/2

[Event "PRO League Group Stage"]
[Site "chess.com INT"]
[Date "2019.03.12"]
[Round "10"]
[White "Saric, Ivan"]
[Black "Movsesian, Sergei"]
[Result "1-0"]
[WhiteTitle "GM"]
[BlackTitle "GM"]
[WhiteElo "2690"]
[BlackElo "2629"]
[WhiteTeam "Montreal Chessbrahs"]
[BlackTeam "London Lions"]
[WhiteFideId "14508150"]
[BlackFideId "310204"]
[EventDate "2019.01.08"]

1. e4 c5 2. Nf3 e6 3. d4 cxd4 4. Nxd4 Nc6 5. Nc3 a6 6. Nxc6 bxc6 7. Bd3 d5 8.
O-O Nf6 9. Re1 Be7 10. e5 Nd7 11. Qg4 Kf8 12. Nd1 h5 13. Qe2 h4 14. h3 g6 15. c4
Rh5 16. Bf4 Nc5 17. Bc2 d4 18. Qd2 a5 19. b3 Bb7 20. Nb2 Qd7 21. Rad1 Rd8 22. a3
Na6 23. Qxa5 c5 24. Na4 Rb8 25. f3 Bd8 26. Qd2 Qc7 27. Nb2 Be7 28. Nd3 Ra8 29.
Kh1 Nb8 30. Ra1 Kg7 31. Bh2 Nd7 32. Nf4 Rh6 33. Bd3 Nf8 34. b4 g5 35. Ne2 Ng6
36. b5 Ra5 37. b6 Qxb6 38. Reb1 Qa6 39. Rxb7 Qxb7 40. Qxa5 Qb2 41. Qe1 Rh8 42.
Qb1 Qd2 43. Qc2 Qe3 44. a4 Nxe5 45. Be4 Bf6 46. Bg1 d3 47. Bxe3 dxc2 48. Rc1
Nxc4 49. Bxc5 Rc8 50. Bb4 Rb8 51. Be1 Na3 52. Bxc2 Bb2 53. Bc3+ Bxc3 54. Nxc3
Rb2 55. Bd3 Rb3 56. a5 1-0